Halloween A to Z - Statistics

General Stats
  • This quiz has been taken 480 times
  • The average score is 12 of 26
Answer Stats
Letter Hint Answer % Correct
A Fruit that we "bob" for. Apples
95%
D The most famous vampire of them all. Dracula
89%
C Red, white and yellow cone shaped candies that no one really wants. The fruitcake of Halloween. Candy Corn
83%
D Three day celebration in Mexico that is traditionally celebrated instead of Halloween. Day of the Dead
79%
J A hollowed out pumpkin with a face (or something else) carved into it. Jack-O-Lantern
77%
E What someone might do to your house if you don't have any treats for them. Egg
74%
B Animal with a specific fur color that we associate with witches. Black Cat
71%
O Though this nocturnal bird is not usually thought to be threatening, his call often is used to create an eerie atmosphere. Owl
66%
R Famous macabre poem by Edgar Allan Poe about a bird with a very limited vocabulary. The Raven
60%
P German name for a mischievous ghost. Known for communicating to children, sometimes through the television set. Poltergeist
57%
H Demonic Hessian soldier who haunts the town of Sleepy Hollow. Headless Horseman
53%
M Hit novelty record by Bobby "Boris" Pickett. Monster Mash
45%
L Main bad guy in the "Texas Chainsaw Massacre" franchise. Leatherface
44%
T What letter "J" was originally carved out of back in Ireland. Turnip
35%
G Festival held five days after Halloween in Great Britain where they commemorate the Gun Powder Plot. Guy Fawkes Night
32%
I The schoolteacher he persued. Ichabod Crane
31%
W A real life witch or warlock practice this religion, which, by the way, has nothing to do with Satan. Wicca
30%
Z Ghost dog in "The Nightmare Before Christmas". Zero
29%
U The word "Nosferatu" is an Eastern European word synomymous vampire but actually translates into what? The Undead
28%
K Most famous actor to play the answer to letter "F". Boris Karloff
21%
F Humanoid monster brought to life via a lighting bolt. Be specific now Frankenstein Monster
20%
Y Spoof of old Universal horror movies directed by Mel Brooks. Young Frankenstein
17%
Q Ann Rice novel later adapted into a film starring the late actress/singer Aaliya. Queen of the Damned
15%
N Fictional magic textbook that appears in the works of writer H.P. Lovecraft. Necronomicon
12%
S Spooky cartoon produced by Walt Disney in 1929. His first "Silly Symphony" short. Skeleton Dance
8%
V British horror film about a town full of strange, creepy, seemingly psychic kids. Village of the Damned
7%
No matching quizzes found
Score Distribution
Percent of People with Each Score
Percentile by Number Answered
Your Score History
You have not taken this quiz